| 000 | 00788nam a2200121Ia 4500 | ||
|---|---|---|---|
| 008 | 220620s9999||||xx |||||||||||||| ||und|| | ||
| 100 | _aPolasik, Michal||Widawski, Paweł||Lis, Andrzej | ||
| 245 | 0 |
_aChapter 10 Challenger bank as a new digital form of providing financial services to retail customers in the EU Internal Market _bThe case of Revolut |
|
| 546 | _aEnglish[eng] | ||
| 650 | _abond markets; digital financial markets; digital financial markets; Digitalization of Financial Markets; financial institutions; financial markets; financial technologies; FinTech; ICT impact financial markets; information and communication technologies; stock markets | ||
| 856 | _uhttps://library.oapen.org/bitstream/20.500.12657/53250/1/9781003095354_10.4324_9781003095354_10.pdf | ||
| 942 | _cEB | ||
| 999 |
_c24605 _d24605 |
||